Optimalizácia prípravy biosenzorov a ich následné využitie pre štúdium glykán-proteínových interakcií
Na minha lista:
| Autor principal: | |
|---|---|
| Outros Autores: | |
| Formato: | Manuscrito Livro |
| Idioma: | eslovaco |
| Publicado em: |
2015
|
| Assuntos: | |
| Acesso em linha: | http://is.stuba.sk/zp/portal_zp.pl?podrobnosti=92762 |
| Tags: |
Sem tags, seja o primeiro a adicionar uma tag!
|
MARC
| LEADER | 00000ntm a22000003a 4500 | ||
|---|---|---|---|
| 001 | stuzp49712 | ||
| 003 | SK-STU | ||
| 005 | 20160719153348.5 | ||
| 007 | ta | ||
| 008 | 150427s2015----xo-----f-mn---000-0-slo-d | ||
| 040 | |a STU |b slo | ||
| 041 | 0 | |a slo | |
| 100 | 1 | |a Orel, Matúš |u 044310 |4 aut |U FCHPT Ústav biotechnológie a potravinárstva |T FCHPT Oddelenie biochemickej technológie |X 42767 |U C4310 |Y 116 |7 42767 | |
| 242 | 0 | 1 | |a Optimalization of preparation biosensors and their use for study glycan-protein interaction |y eng |
| 245 | 1 | 0 | |a Optimalizácia prípravy biosenzorov a ich následné využitie pre štúdium glykán-proteínových interakcií |
| 260 | |c 2015 | ||
| 650 | 4 | |a lektín |2 slo | |
| 650 | 4 | |a biosenzor |2 slo | |
| 650 | 4 | |a glykán |2 slo | |
| 650 | 4 | |a impedancia |2 slo | |
| 650 | 4 | |a impedance |2 eng | |
| 650 | 4 | |a glycan |2 eng | |
| 650 | 4 | |a lectin |2 eng | |
| 650 | 4 | |a biosensor |2 eng | |
| 700 | 1 | |a Tkáč, Ján |4 ths |X 62063 |7 A000062063 | |
| 856 | 4 | |u http://is.stuba.sk/zp/portal_zp.pl?podrobnosti=92762 | |
| SQL | |a stuzp49712 |b DBP |c SLO |d Optimalizácia prípravy biosenzorov a ich následné využitie pre štúdium glykán-proteínových interakcií |e 42767 |f Orel, Matúš |g 044310 |h 62063 |i Tkáč, Ján |j 20150714 |k 752 |l 04 |m http://is.stuba.sk/zp/portal_zp.pl?podrobnosti=92762 |n B-BIOPOT |o 5.2.25. biotechnológie | ||